| 000 | 00643nam a22002177a 4500 | ||
|---|---|---|---|
| 005 | 20230120124513.0 | ||
| 008 | 220527b ||||| |||| 00| 0 eng d | ||
| 020 | _a9789381784488 | ||
| 040 |
_aIN-DiNC _cIN-DiNC |
||
| 041 | _dasm | ||
| 082 |
_a371.3 _bCHA |
||
| 100 |
_aChaliha, Beda Kumar _eauthor |
||
| 245 |
_aSnatak mahalar shikshadanar kaushal/ _cby Beda Kumar Chaliha, Tarun Saikia and Runu Borah Saikia |
||
| 250 | _a9th rev. ed. | ||
| 260 |
_aJorhat: _bBidya Bhawan, _c2022 |
||
| 300 | _a333p. | ||
| 650 | _aTechniques of teaching | ||
| 700 |
_aSaikia, Tarun _eauthor |
||
| 700 |
_aSaikia, Runu Borah _eauthor |
||
| 942 |
_2ddc _cBK |
||
| 999 |
_c11304 _d11304 |
||